000 02125nam a22001697a 4500
008 190814b xxu||||| |||| 00| 0 eng d
020 _a9988809786 (hbk)
050 _aDT512.J91
110 _aGraphic Corporation
245 _aJubilee Ghana: a 50-year news journey thro' Graphic. /
_cGraphic Corporations Group
260 _aAccra:
_bGraphic Corporations Group,
_c2006.
300 _a???xxxi, 308 p. :
_c24 cm.
500 _aIncludes index.
505 _a???Contents: History of the press: Journalism practice from the 70s to the 90s -- How the press underdeveloped Africa -- A journalist looks at his profession -- The travails of he private press -- The making of the Ghana Journalists Association -- The media and positive change -- Tomorrow's media -- The media and the law: Repeal of criminal law-10 years later -- Contempt of court vrs press freedom -- History judges all -- The 1992 constitution and the state-owned media: What role for GBC -- Graphic - a reputation to protect -- Ensuring objectivity in the state-owned media -- The relevance of news agencies -- Media and society: The media and social change -- The media in democracy - the case of Ghana -- History, journalism and diplomacy -- Mining for Ghana -- Poverty in the midst of plenty -- Using effective public relations to achieve national growth -- Ethics and media accountability: Politics of insults and intolerance in the media -- Is the media undermining Ghana's democracy? -- Towards excellence and professionalism -- How the Ghanaian media fared in 2012 elections -- Promoting professionalism in the Ghanaian media -- The role of the National Media Commission: An assessment of the NMC -- An agenda for the state-owned media -- The National Media Commission-20 years later -- Getting to know the NMC -- Media policy: New media and public policy in Ghana -- Significance of a media policy for Ghana's parliament and the need for guidelines on parliamentary reporting -- Broadcasting: a vital tool for national harmony and cohesion -- The case for TV license fee and funding of media.
650 _aHistory
_vPolitics -- Ghana
942 _2lcc
_cBK
999 _c7539
_d15039